000 00579nam a2200229Ia 4500
003 OSt
005 20220924152446.0
006 a|||||r|||| 00| 0
007 ta
008 220923b |||||||| |||| 00| 0 mar d
024 _a342556
037 _cTextual
040 _aARTS
_cARTS
_bmar
041 _2mar
_amar
082 _aV2:51wM56, 155L2
100 _aFatak Narhar Raghunath
_9226703
245 0 _aLokmanya
260 _c1972
650 _aHISTORY
942 _hV2:51wM56, 155L2
_cTEXL
_2CC
999 _c469865
_d469865